00490nam a2200181Ia 450000500170000000800410001702000150005808200220007324500660009526000330016130000150019465000170020965000130022665000100023965000130024970000210026270000250028320250127055212.0240331s9999 xx 000 0 und d a0080349536 bSPA23561a304.63 0aMade To Order:bThe Myth of Reproductive and Genetic Progress aOxfordbPergamon Pressc1987 ax, 255 p., aReproduction aGenetics aMyths aFeminism aSpallone, Peedt aSteinberg, D. Leedt